=LDR 00000nam 2200000 4500 =001 INLIS000000000049335 =005 20170210072022.0 =006 =007 =008 =020 ##$$a 978-979-3703-68-8 =035 ##$$0010-021700000000127 =040 ##$$a NBPDMAT =082 ##$$a 912.959 838 =090 ##$$aR.912.959 838 $bAch a =100 ##$$a Achmad Chaldun =245 ##$$a Atlas tematik provinsi Kalimantan Timur $b: Administrasi, Sosial Budaya, Transportasi dan Perdagangan - Sumber daya Alam $c/ Achmad Chaldun; Achmad Rusdi =250 ##$$a Cet. 1 =260 ##$$a Surabaya $b Karya Pembina Swajaya $c 2007 =300 ##$$a 78 hlm. : $b ilus. ; $c 31 cm =500 ##$$a Indeks hlm : 84 - 87 =650 ##$$a Atlas Kalimantan Timur =700 ##$$a Achmad Rusdi =850 ##$$a NBPDMAT =990 ##$$a 21606094 =990 ##$$a 21606095 =990 ##$$a 21606096 =990 ##$$a 21606097